Προσύμνιον Δωδεκανήσου : (ποίηση, διήγημα, μυθοπλασία) : ειδικό αφιέρωμα στα 50 χρόνια επανένταξης των Δωδεκανήσων στον ελληνικό εθνικό κορμό
Saved in:
| Main Author: | |
|---|---|
| Format: | Book |
| Language: | Greek |
| Published: |
Ρόδος :
[χ.ό.],
1998.
|
| Subjects: | |
| Tags: |
Add Tag
No Tags, Be the first to tag this record!
|
MARC
| LEADER | 00000cam a2200000 i 4500 | ||
|---|---|---|---|
| 001 | 1/45714 | ||
| 008 | 070607s1998 gr | ||| |||| ||gre|| | ||
| 020 | |a 9607298799 | ||
| 035 | |l 10088190 | ||
| 040 | |a GR-MyUa |b gre |e AACR2 | ||
| 041 | 0 | |a gre | |
| 082 | 7 | |a 808.81 |2 (22) | |
| 100 | 1 | |a Κατσούρης, Σπύρος. | |
| 245 | 1 | 0 | |a Προσύμνιον Δωδεκανήσου : |b (ποίηση, διήγημα, μυθοπλασία) : ειδικό αφιέρωμα στα 50 χρόνια επανένταξης των Δωδεκανήσων στον ελληνικό εθνικό κορμό / |c Σπύρου Κατσούρη. |
| 260 | |a Ρόδος : |b [χ.ό.], |c 1998. | ||
| 300 | |a 190 σ. : |b εικ. ; |c 24 εκ. | ||
| 650 | 0 | |a Poets, Greek. | |
| 650 | 0 | |a Fiction. | |
| 651 | 0 | |a Dodecanese Islands (Greece) | |
| 852 | |a INST |b RHODES |e 20070607 |h 808.81 ΚΑΤ |p 005400026459 |q 005400026459 |t BK |y 0 | ||
| 901 | |a BIBL4-2007-2 | ||
| 970 | |a ΜΙΣΣΟΣ |b ΣΤΑΥΡΟΣ |z 2007/06/07 | ||